The whisperers : (Record no. 1203)

000 -LEADER
fixed length control field 01792nam a22004217a 4500
001 - CONTROL NUMBER
control field 14896490
003 - CONTROL NUMBER IDENTIFIER
control field OSt
005 - DATE AND TIME OF LATEST TRANSACTION
control field 20210426114506.0
008 - FIXED-LENGTH DATA ELEMENTS--GENERAL INFORMATION
fixed length control field 070619s2007 nyuab b 001 0 eng
010 ## - LIBRARY OF CONGRESS CONTROL NUMBER
LC control number 2007024223
020 ## - INTERNATIONAL STANDARD BOOK NUMBER
International Standard Book Number 9780805074611
020 ## - INTERNATIONAL STANDARD BOOK NUMBER
International Standard Book Number 0805074619
040 ## - CATALOGING SOURCE
Original cataloging agency DLC
Transcribing agency DLC
Modifying agency DLC
041 ## - LANGUAGE CODE
Language code of text/sound track or separate title eng
043 ## - GEOGRAPHIC AREA CODE
Geographic area code e-ur---
050 00 - LIBRARY OF CONGRESS CALL NUMBER
Classification number HN523
Item number .F54 2007
080 ## - UNIVERSAL DECIMAL CLASSIFICATION NUMBER
Universal Decimal Classification number 94
Item number F-51
082 00 - DEWEY DECIMAL CLASSIFICATION NUMBER
Classification number 306.850947/0904
Edition number 22
100 1# - MAIN ENTRY--PERSONAL NAME
Personal name Figes, Orlando.
245 14 - TITLE STATEMENT
Title The whisperers :
Remainder of title private life in Stalin's Russia /
Statement of responsibility, etc. Orlando Figes.
250 ## - EDITION STATEMENT
Edition statement 1st ed.
260 ## - PUBLICATION, DISTRIBUTION, ETC.
Place of publication, distribution, etc. New York :
Name of publisher, distributor, etc. Metropolitan Books,
Date of publication, distribution, etc. 2007.
300 ## - PHYSICAL DESCRIPTION
Extent xxxviii, 739, [1] p. :
Other physical details ill., maps ;
Dimensions 24 cm.
365 ## - TRADE PRICE
Price type code 35.00 USD
504 ## - BIBLIOGRAPHY, ETC. NOTE
Bibliography, etc. note Includes bibliographical references and index.
505 0# - FORMATTED CONTENTS NOTE
Formatted contents note Children of 1917 (1917-28) -- The great break (1928-32) -- The pursuit of happiness (1932-6) -- The great fear (1937-8) -- Remnants of terror (1938-41) -- "Wait for me" (1941-5) -- Ordinary Stalinists (1945-53) -- Return (1953-6) -- Memory (1956-2006).
650 #0 - SUBJECT ADDED ENTRY--TOPICAL TERM
Topical term or geographic name entry element City and town life
Geographic subdivision Soviet Union.
650 #0 - SUBJECT ADDED ENTRY--TOPICAL TERM
Topical term or geographic name entry element Communism
Geographic subdivision Soviet Union
General subdivision Psychological aspects.
651 #0 - SUBJECT ADDED ENTRY--GEOGRAPHIC NAME
Geographic name Soviet Union
General subdivision Social conditions.
651 #0 - SUBJECT ADDED ENTRY--GEOGRAPHIC NAME
Geographic name Soviet Union
General subdivision History
Chronological subdivision 1925-1953.
653 ## - INDEX TERM--UNCONTROLLED
Uncontrolled term ისტორია
856 41 - ELECTRONIC LOCATION AND ACCESS
Materials specified Table of contents only
Uniform Resource Identifier <a href="http://www.loc.gov/catdir/toc/ecip0720/2007024223.html">http://www.loc.gov/catdir/toc/ecip0720/2007024223.html</a>
856 42 - ELECTRONIC LOCATION AND ACCESS
Materials specified Publisher description
Uniform Resource Identifier <a href="http://www.loc.gov/catdir/enhancements/fy0730/2007024223-d.html">http://www.loc.gov/catdir/enhancements/fy0730/2007024223-d.html</a>
856 42 - ELECTRONIC LOCATION AND ACCESS
Materials specified Contributor biographical information
Uniform Resource Identifier <a href="http://www.loc.gov/catdir/enhancements/fy0801/2007024223-b.html">http://www.loc.gov/catdir/enhancements/fy0801/2007024223-b.html</a>
906 ## - LOCAL DATA ELEMENT F, LDF (RLIN)
a 7
b cbc
c orignew
d 1
e ecip
f 20
g y-gencatlg
942 ## - ADDED ENTRY ELEMENTS (KOHA)
Source of classification or shelving scheme
Koha item type Books
Holdings
Withdrawn status Lost status Source of classification or shelving scheme Damaged status Not for loan Permanent location Current location Date acquired Inventory number Total Checkouts Full call number Barcode Date last seen Price effective from Koha item type
          Ken Walker International University Ken Walker International University 02/04/2021 1314   94 F-51 1314 02/04/2021 02/04/2021 Books

Powered by Koha